[Event "BL 9293 Sindelfingen-Koblenz"]
[Site "?"]
[Date "1992.??.??"]
[Round "?.2"]
[White "Krasenkov, M."]
[Black "Fritsche, L."]
[Result "1-0"]
[WhiteElo "2555"]
[BlackElo "2390"]
[PlyCount "77"]
[EventDate "1992.??.??"]

1. c4 e5 2. Nc3 d6 3. g3 g6 4. Bg2 Nc6 5. e3 Bg7 6. Nge2 Be6 7. d4 Bd7 8. O-O
Qc8 9. Nd5 h5 10. Nec3 Qd8 11. Re1 Kf8 12. b3 Nh6 13. Ba3 Kg8 14. c5 dxc5 15.
Bxc5 exd4 16. exd4 Nf5 17. Nb5 b6 18. Ba3 a6 19. Nbxc7 Ra7 20. Rc1 Kh7 21. Re4
Ncxd4 22. Bh3 Nc6 23. Rec4 Ne5 24. R4c3 Nd4 25. Be7 Bxh3 26. Bxd8 Rxd8 27. Qxd4
Nf3+ 28. Rxf3 Bxd4 29. Rxf7+ Kg8 30. Re7 Bc5 31. Nf6+ Kf8 32. Rh7 Rd2 33. Ne4
Re2 34. Nxc5 bxc5 35. Ne6+ Bxe6 36. Rxa7 Rxa2 37. Rxc5 Bh3 38. Rc1 Be6 39. Rd1
1-0

[Event "BL 9293 Sindelfingen-Koblenz"]
[Site "?"]
[Date "1992.??.??"]
[Round "?.3"]
[White "Reschke, S."]
[Black "Gabriel, C."]
[Result "0-1"]
[WhiteElo "2300"]
[BlackElo "2490"]
[PlyCount "90"]
[EventDate "1992.??.??"]

1. c4 c5 2. Nf3 Nc6 3. g3 g6 4. Bg2 Bg7 5. Nc3 e6 6. O-O Nge7 7. d3 O-O 8. Ne4
d6 9. Bf4 e5 10. Bd2 h6 11. Rb1 Be6 12. a3 a5 13. Ne1 Rb8 14. Nc3 d5 15. b3 b6
16. Nc2 Qd7 17. e4 dxe4 18. dxe4 Nd4 19. Nd5 f5 20. Nxd4 cxd4 21. f3 fxe4 22.
fxe4 Nxd5 23. cxd5 Bg4 24. Bf3 Bh3 25. Rf2 Rf6 26. Be2 Rxf2 27. Kxf2 Rf8+ 28.
Kg1 Qf7 29. Qe1 Rc8 30. Rc1 Bf8 31. Rxc8 Bxc8 32. Qc1 Bh3 33. b4 axb4 34. axb4
Kh7 35. Qc4 h5 36. Bg5 Qa7 37. Kf2 b5 38. Qxb5 d3+ 39. Be3 Qf7+ 40. Bf3 Bg4 41.
Bf4 exf4 42. Bxg4 fxg3+ 43. Kxg3 Bd6+ 44. Kg2 hxg4 45. Qxd3 Qf4 0-1

[Event "BL 9293 Sindelfingen-Koblenz"]
[Site "?"]
[Date "1992.??.??"]
[Round "?.4"]
[White "Fahnenschmidt, G."]
[Black "Schlick, V."]
[Result "1-0"]
[WhiteElo "2370"]
[BlackElo "2305"]
[PlyCount "109"]
[EventDate "1992.??.??"]

1. d4 g6 2. e4 Bg7 3. c4 c5 4. d5 d6 5. Nc3 Nf6 6. Nf3 Bg4 7. Be2 b5 8. cxb5 a6
9. bxa6 Nxa6 10. O-O O-O 11. Nd2 h5 12. Nc4 Rb8 13. Bf4 Rb4 14. f3 Bc8 15. Qd2
h4 16. Bh6 h3 17. g3 Nc7 18. Bxg7 Kxg7 19. b3 Ba6 20. Rad1 Bxc4 21. Bxc4 Nd7
22. a3 Rb8 23. f4 f6 24. Rfe1 Na8 25. Qc2 Qa5 26. Nb1 Nab6 27. Bf1 Rh8 28. Re3
c4 29. b4 Qa7 30. Qf2 Na4 31. Bxc4 Nb2 32. Rc1 Nb6 33. Rec3 Rbc8 34. Be2 Qb7
35. Rc6 Nd7 36. Bf1 Na4 37. Bxh3 f5 38. exf5 Rxh3 39. Qd4+ Nf6 40. Rxc8 Qa6 41.
R8c2 Nb6 42. Nc3 gxf5 43. Re1 Kf8 44. Rce2 Qxa3 45. Rxe7 Nbxd5 46. Nxd5 Rxg3+
47. hxg3 Qxg3+ 48. Kf1 Qf3+ 49. Qf2 Qh1+ 50. Ke2 Qxd5 51. Re3 Ng4 52. Qh4 Qg2+
53. Kd3 Nf2+ 54. Kc3 Qg7+ 55. Kc2 1-0

[Event "BL 9293 Sindelfingen-Koblenz"]
[Site "?"]
[Date "1992.??.??"]
[Round "?.5"]
[White "Brueckner, T."]
[Black "Mohr, S."]
[Result "0-1"]
[WhiteElo "2380"]
[BlackElo "2440"]
[PlyCount "104"]
[EventDate "1992.??.??"]

1. d4 d6 2. e4 g6 3. Nc3 Bg7 4. f4 Nc6 5. Be3 Nf6 6. Nf3 O-O 7. Be2 e6 8. O-O
Ne7 9. Qe1 b6 10. Rd1 Bb7 11. Bd3 c5 12. Qh4 c4 13. Bxc4 Bxe4 14. Nxe4 Nxe4 15.
Bd3 Nf5 16. Qxd8 Raxd8 17. Bc1 d5 18. c3 Nfd6 19. Rde1 b5 20. a3 Rc8 21. Nd2 f5
22. Nxe4 fxe4 23. Be2 a5 24. Bd2 Rc6 25. g4 Rb8 26. Ra1 b4 27. axb4 axb4 28.
Ra5 bxc3 29. Bxc3 Nc4 30. Bxc4 Rxc4 31. f5 Bxd4+ 32. Bxd4 Rxd4 33. fxe6 e3 34.
Re1 Rxg4+ 35. Kf1 d4 36. e7 Kf7 37. Re5 Re8 38. Ke2 Rg2+ 39. Kf3 Rf2+ 40. Ke4
Rxe7 41. Rxe7+ Kxe7 42. Kxd4 Rxb2 43. Rxe3+ Kf6 44. h3 Kg5 45. Ke5 Rf2 46. Ke6
Kh4 47. Ra3 h5 48. Ke5 Rg2 49. Kf4 Rh2 50. Ra6 g5+ 51. Kf5 Rxh3 52. Ra4+ g4 0-1

[Event "BL 9293 Sindelfingen-Koblenz"]
[Site "?"]
[Date "1992.??.??"]
[Round "?.6"]
[White "Marinkovic, I."]
[Black "Weidemann, J."]
[Result "1-0"]
[WhiteElo "2445"]
[BlackElo "2305"]
[PlyCount "89"]
[EventDate "1992.??.??"]

1. e4 c5 2. Nf3 Nc6 3. Nc3 g6 4. d4 cxd4 5. Nxd4 Bg7 6. Nde2 Nf6 7. g3 O-O 8.
Bg2 d6 9. O-O Bd7 10. h3 Rc8 11. a4 Nb4 12. Be3 Qc7 13. Qd2 Nc6 14. Nb5 Qb8 15.
b3 b6 16. c4 Na5 17. Rab1 Bc6 18. Nec3 Rfd8 19. Nd5 Nxd5 20. exd5 Bxb5 21. axb5
Rc7 22. Rfe1 Qc8 23. h4 Qg4 24. Bf4 Qf5 25. Kh2 Kf8 26. Bg5 Bf6 27. Bh6+ Bg7
28. Bg5 Bf6 29. Bh3 Bxg5 30. hxg5 Qf3 31. Re3 Qh5 32. Re4 f6 33. Rh4 Qf3 34.
Rxh7 Kg8 35. Rh6 Qe4 36. Rb2 Kg7 37. Rh4 Qe5 38. f4 Qe4 39. Bg2 Qf5 40. Bh3 Qe4
41. f5 Qe5 42. gxf6+ Kxf6 43. fxg6 e6 44. Rb1 Rg8 45. Re1 1-0

[Event "BL 9293 Porz-Sindelfingen"]
[Site "?"]
[Date "1992.??.??"]
[Round "?.1"]
[White "Luther, T."]
[Black "Lutz, C."]
[Result "0-1"]
[WhiteElo "2435"]
[BlackElo "2550"]
[PlyCount "80"]
[EventDate "1992.??.??"]

1. e4 c5 2. Nf3 e6 3. d4 cxd4 4. Nxd4 a6 5. Bd3 Nf6 6. O-O Qc7 7. Qe2 d6 8. c4
g6 9. Nc3 Bg7 10. Rd1 O-O 11. Nf3 Nc6 12. h3 Nd7 13. Bf4 Nce5 14. Rac1 b6 15.
b3 Bb7 16. Bb1 Rad8 17. Nh2 f5 18. Qd2 Nf6 19. Re1 Qb8 20. Nf1 b5 21. cxb5 axb5
22. Ng3 b4 23. Na4 Ba8 24. Nb2 Nxe4 25. Nxe4 fxe4 26. Bxe4 d5 27. Bb1 Nf3+ 28.
gxf3 Rxf4 29. Nd3 Rxf3 30. Qxb4 Qxb4 31. Nxb4 Bc3 32. Nd3 Bxe1 33. Rxe1 d4 34.
Kh2 Bd5 35. b4 Rc8 36. b5 Rc3 37. b6 Rcxd3 38. Bxd3 Rxd3 39. Rb1 Bb7 40. Rb4
Rd1 0-1

[Event "BL 9293 Porz-Sindelfingen"]
[Site "?"]
[Date "1992.??.??"]
[Round "?.3"]
[White "Gabriel, C."]
[Black "Hort, V."]
[Result "1/2-1/2"]
[WhiteElo "2490"]
[BlackElo "2560"]
[PlyCount "84"]
[EventDate "1992.??.??"]

1. Nf3 d5 2. c4 d4 3. g3 Nc6 4. Bg2 e5 5. O-O Nf6 6. d3 Bd6 7. Na3 O-O 8. Nc2
Re8 9. Rb1 a5 10. b3 Nb4 11. a3 Nxc2 12. Qxc2 c5 13. Bd2 h6 14. b4 e4 15. Ne1
axb4 16. axb4 Bg4 17. f3 exf3 18. exf3 Bc8 19. bxc5 Bxc5 20. Bb4 Bxb4 21. Rxb4
Qe7 22. Rb1 Bf5 23. Rf2 Nd7 24. Qb2 Nc5 25. Bf1 Qd6 26. Re2 Red8 27. Rd2 h5 28.
Qb6 Qf8 29. Qc7 g6 30. Rb5 Rac8 31. Qf4 Bd7 32. Rb1 Bc6 33. Rf2 Ne6 34. Qd2 Ra8
35. Nc2 Ra2 36. Qc1 Ng7 37. Bh3 Qc5 38. Nb4 Rxf2 39. Kxf2 Re8 40. Nc2 g5 41.
Qd2 Kh7 42. Re1 Rxe1 1/2-1/2

[Event "BL 9293 Porz-Sindelfingen"]
[Site "?"]
[Date "1992.??.??"]
[Round "?.5"]
[White "Mohr, S."]
[Black "Hickl, J."]
[Result "1/2-1/2"]
[WhiteElo "2440"]
[BlackElo "2540"]
[PlyCount "99"]
[EventDate "1992.??.??"]

1. d4 Nf6 2. c4 d6 3. Nc3 Nbd7 4. Nf3 c6 5. e4 e5 6. Be2 Be7 7. O-O O-O 8. d5
a6 9. Be3 cxd5 10. cxd5 Ng4 11. Bd2 b5 12. b4 Nb6 13. a4 bxa4 14. Nxa4 f5 15.
exf5 Bxf5 16. Qb3 Kh8 17. Nc3 Qc8 18. Ra5 e4 19. Nd4 Bf6 20. Nxf5 Qxf5 21. Bxg4
Qxg4 22. Be3 Nd7 23. h3 Qg6 24. Ne2 Ne5 25. Nf4 Qf5 26. Ne6 Rfc8 27. Qa2 Nc4
28. Rxa6 Rab8 29. Rc1 Qxd5 30. Nf4 Qg8 31. Rb1 Rb5 32. Ne2 Nxe3 33. Qxg8+ Kxg8
34. fxe3 Bg5 35. Rb3 Rc4 36. Rxd6 Rcxb4 37. Rxb4 Bxe3+ 38. Kf1 Rxb4 39. Ng3 Bf4
40. Rd8+ Kf7 41. Ne2 Be5 42. Kf2 Rb3 43. Ra8 Rb4 44. Ke3 Rc4 45. Ra7+ Ke8 46.
Ra8+ Kd7 47. Ra7+ Bc7 48. Nd4 Kc8 49. Ra8+ Kb7 50. Re8 1/2-1/2

[Event "BL 9293 Porz-Sindelfingen"]
[Site "?"]
[Date "1992.??.??"]
[Round "?.6"]
[White "Knaak, R."]
[Black "Marinkovic, I."]
[Result "0-1"]
[WhiteElo "2525"]
[BlackElo "2445"]
[PlyCount "70"]
[EventDate "1992.??.??"]

1. d4 Nf6 2. c4 c5 3. d5 b5 4. cxb5 a6 5. f3 axb5 6. e4 Qa5+ 7. Bd2 b4 8. Na3
d6 9. Nc4 Qc7 10. a3 e6 11. dxe6 Bxe6 12. Bd3 d5 13. exd5 Nxd5 14. Ne2 Be7 15.
O-O O-O 16. Qc2 h6 17. f4 Nf6 18. f5 Bd5 19. Ne3 Bc6 20. Nf4 bxa3 21. Rxa3 Nbd7
22. Rxa8 Bxa8 23. Nc4 Re8 24. Re1 Bf8 25. Rxe8 Nxe8 26. Qd1 Ne5 27. Nxe5 Qxe5
28. Qe1 Qd4+ 29. Kh1 Nf6 30. h3 Bd6 31. Qf1 c4 32. Bc3 Qxf4 33. Qxf4 Bxf4 34.
Bxc4 Ne4 35. Bd4 Ng3+ 0-1

[Event "BL 9293 Porz-Sindelfingen"]
[Site "?"]
[Date "1992.??.??"]
[Round "?.7"]
[White "Kraut, R."]
[Black "Vogt, L."]
[Result "1/2-1/2"]
[WhiteElo "2425"]
[BlackElo "2530"]
[PlyCount "75"]
[EventDate "1992.??.??"]

1. e4 c5 2. Nf3 e6 3. Nc3 Nc6 4. Bb5 Nge7 5. O-O d6 6. d4 cxd4 7. Nxd4 Bd7 8.
Bxc6 Nxc6 9. Ndb5 Qb8 10. Bf4 Ne5 11. Qd4 a6 12. Rfd1 axb5 13. Bxe5 Bc6 14. Bg3
Qa7 15. Qd3 Qc5 16. Bxd6 Bxd6 17. Qxd6 Qxd6 18. Rxd6 b4 19. Nd1 Bxe4 20. Ne3
Ke7 21. Rd4 f5 22. Rxb4 Rhd8 23. f3 Bc6 24. Kf1 g5 25. a3 f4 26. Nc4 Rd4 27.
Na5 Rd2 28. Nxc6+ bxc6 29. Rc4 Kd6 30. a4 Ra5 31. b3 Re5 32. a5 Kc7 33. Re4
Rxe4 34. fxe4 Rxc2 35. a6 Kb8 36. Ra5 c5 37. a7+ Ka8 38. Ra6 1/2-1/2

[Event "BL 9293 Porz-Sindelfingen"]
[Site "?"]
[Date "1992.??.??"]
[Round "?.8"]
[White "Mainka, R."]
[Black "Werner, Marc"]
[Result "1-0"]
[WhiteElo "2550"]
[BlackElo "2355"]
[PlyCount "69"]
[EventDate "1992.??.??"]

1. e4 Nf6 2. e5 Nd5 3. d4 d6 4. Nf3 g6 5. Bc4 Nb6 6. Bb3 Bg7 7. a4 d5 8. a5 Nc4
9. Nbd2 Nxd2 10. Bxd2 O-O 11. O-O Na6 12. h3 c5 13. c3 Bf5 14. Re1 c4 15. Bc2
Bxc2 16. Qxc2 Nc7 17. Nh2 f5 18. exf6 exf6 19. Ng4 b5 20. axb6 axb6 21. Rxa8
Qxa8 22. Bf4 Qc6 23. Bxc7 Qxc7 24. Qa4 Qd6 25. Qa7 Qb8 26. Qd7 Qd8 27. Re7 Qxd7
28. Rxd7 Re8 29. Kf1 h5 30. Ne3 Bh6 31. Nxd5 Re6 32. Rb7 Bc1 33. Rxb6 Rxb6 34.
Nxb6 Bxb2 35. Na4 1-0

[Event "BL 9293 Koblenz-Kirchheim"]
[Site "?"]
[Date "1992.??.??"]
[Round "?.1"]
[White "Haba, P."]
[Black "Seul, G."]
[Result "1/2-1/2"]
[WhiteElo "2505"]
[BlackElo "2410"]
[PlyCount "56"]
[EventDate "1992.??.??"]

1. d4 Nf6 2. c4 e6 3. g3 Bb4+ 4. Bd2 c5 5. a3 Bxd2+ 6. Qxd2 Nc6 7. Nf3 cxd4 8.
Nxd4 Na5 9. Qb4 d5 10. Nb5 Nc6 11. Qc5 Ne4 12. Qe3 O-O 13. Bg2 Qa5+ 14. Nd2
Nxd2 15. Qxd2 Qxd2+ 16. Kxd2 Na5 17. Kc3 Nxc4 18. Nc7 Rb8 19. e4 Bd7 20. exd5
Rfc8 21. Kxc4 Rxc7+ 22. Kb3 exd5 23. Bxd5 Rc5 24. Rad1 Rb5+ 25. Kc3 Rc8+ 26.
Bc4 Be6 27. Rd8+ Rxd8 28. Bxb5 Rc8+ 1/2-1/2

[Event "BL 9293 Koblenz-Kirchheim"]
[Site "?"]
[Date "1992.??.??"]
[Round "?.2"]
[White "Fritsche, L."]
[Black "Gschnitzer, O."]
[Result "1/2-1/2"]
[WhiteElo "2390"]
[BlackElo "2475"]
[PlyCount "35"]
[EventDate "1992.??.??"]

1. e4 c5 2. Nf3 Nc6 3. d4 cxd4 4. Nxd4 Nf6 5. Nc3 d6 6. Bg5 e6 7. Qd2 a6 8.
O-O-O h6 9. Bf4 Bd7 10. Nxc6 Bxc6 11. Bxd6 Bxd6 12. Qxd6 Qxd6 13. Rxd6 Bxe4 14.
Rd4 Bc6 15. f3 Ke7 16. Be2 Rhd8 17. Rxd8 Rxd8 18. Rd1 1/2-1/2

[Event "BL 9293 Koblenz-Kirchheim"]
[Site "?"]
[Date "1992.??.??"]
[Round "?.3"]
[White "Graf, Ju"]
[Black "Reschke, S."]
[Result "1-0"]
[WhiteElo "2445"]
[BlackElo "2300"]
[PlyCount "83"]
[EventDate "1992.??.??"]

1. d4 Nf6 2. c4 g6 3. Nc3 Bg7 4. e4 d6 5. Nf3 O-O 6. Be2 e5 7. d5 a5 8. Bg5 h6
9. Bh4 Qe8 10. Nd2 Na6 11. g4 Nd7 12. a3 Bf6 13. Bxf6 Nxf6 14. f3 Bd7 15. Bd3
a4 16. Qe2 Nc5 17. Bc2 c6 18. Qe3 Kg7 19. h3 Qe7 20. O-O-O Rfb8 21. f4 b5 22.
fxe5 dxe5 23. Nf3 Na6 24. dxc6 Bxc6 25. cxb5 Bxb5 26. g5 hxg5 27. Qxg5 Qb7 28.
Qxe5 Bc4 29. Rd6 Qxb2+ 30. Kd2 Be6 31. Ng5 Re8 32. Qd4 Nc5 33. Qxc5 Rac8 34.
Qd4 Rc4 35. Qe5 Rec8 36. Nxe6+ fxe6 37. Rd7+ Kh6 38. Qf4+ Kh5 39. Qxf6 Qxc3+
40. Qxc3 Rxc3 41. Bd1+ Kh6 42. Rd3 1-0

[Event "BL 9293 Koblenz-Kirchheim"]
[Site "?"]
[Date "1992.??.??"]
[Round "?.5"]
[White "Mueller, O."]
[Black "Brueckner, T."]
[Result "0-1"]
[WhiteElo "2345"]
[BlackElo "2380"]
[PlyCount "62"]
[EventDate "1992.??.??"]

1. e4 e5 2. Nf3 Nc6 3. Bb5 a6 4. Ba4 Nf6 5. O-O Be7 6. Re1 b5 7. Bb3 d6 8. c3
O-O 9. h3 Nb8 10. d4 Nbd7 11. Nbd2 Bb7 12. a3 Re8 13. Bc2 Bf8 14. b4 g6 15. Bb2
Bg7 16. Rc1 d5 17. exd5 exd4 18. Rxe8+ Qxe8 19. cxd4 Nxd5 20. Bb3 N7b6 21. Ne5
Rd8 22. Ne4 Nc4 23. Bxc4 bxc4 24. Nc5 c3 25. Ba1 Ba8 26. Ncd3 Bh6 27. Rc2 Qa4
28. Nc4 Nf4 29. Nxf4 Bxf4 30. Qd3 Re8 31. Bxc3 Be4 0-1

[Event "BL 9293 Koblenz-Kirchheim"]
[Site "?"]
[Date "1992.??.??"]
[Round "?.6"]
[White "Herbrechtsmeier, C."]
[Black "Vonthron, H."]
[Result "1/2-1/2"]
[WhiteElo "2315"]
[BlackElo "2370"]
[PlyCount "142"]
[EventDate "1992.??.??"]

1. e4 d6 2. d4 g6 3. Nc3 Bg7 4. Bc4 c6 5. Qf3 e6 6. Nge2 b5 7. Bd3 a6 8. O-O
Nd7 9. a4 Bb7 10. Nb1 Ne7 11. Bg5 O-O 12. Qh3 c5 13. c3 e5 14. axb5 cxd4 15. b4
f6 16. Bh6 Bxh6 17. Qxh6 axb5 18. Rxa8 Bxa8 19. cxd4 f5 20. Nbc3 fxe4 21. Bxe4
Bxe4 22. Nxe4 Nf5 23. Qd2 Qh4 24. Nxd6 Nxd6 25. dxe5 Ne4 26. Qxd7 Rxf2 27. Qc8+
Kg7 28. Qc7+ Kh6 29. Qc1+ Kg7 30. Qe3 Rf5 31. Rxf5 gxf5 32. Nf4 Qg4 33. Qf3 Qh4
34. Qe3 Kg8 35. Nd5 Kf7 36. e6+ Kxe6 37. Nc7+ Ke5 38. Nxb5 Qd8 39. Nc3 Qa8 40.
Nxe4 fxe4 41. Qc5+ Kf4 42. Qd4 Qc6 43. Kf1 Qa6+ 44. Ke1 Qa4 45. Qf6+ Kg4 46.
Qe6+ Kf4 47. Qd6+ Kf5 48. Qd5+ Kf4 49. Qd6+ Kf5 50. Qd5+ Kf4 51. g3+ Kf3 52.
Qf5+ Kg2 53. Qxe4+ Kxh2 54. Qxh7+ Kxg3 55. Qd3+ Kf4 56. Qd4+ Kf5 57. Kd2 Ke6
58. Qc4+ Kd7 59. Qf7+ Kc8 60. Qf8+ Kb7 61. Qe7+ Kb6 62. Qc5+ Kb7 63. Qe7+ Kb6
64. Qe3+ Kb7 65. Qc3 Qc6 66. Qd4 Ka6 67. Qd3+ Kb6 68. Qd8+ Kb5 69. Qa5+ Kc4 70.
Qc5+ Qxc5 71. bxc5 Kxc5 1/2-1/2

[Event "BL 9293 Koblenz-Kirchheim"]
[Site "?"]
[Date "1992.??.??"]
[Round "?.7"]
[White "Burkart, P."]
[Black "Weidemann, J."]
[Result "1-0"]
[WhiteElo "2285"]
[BlackElo "2305"]
[PlyCount "73"]
[EventDate "1992.??.??"]

1. d4 d6 2. Nf3 Bg4 3. c4 c6 4. Nc3 Nd7 5. g3 g6 6. Bg2 Bg7 7. O-O Qb6 8. d5
Bxf3 9. exf3 Qd4 10. dxc6 bxc6 11. Qa4 Qb6 12. Re1 Nc5 13. Qc2 Rb8 14. b3 Kf8
15. Be3 Qa5 16. Bd2 Qc7 17. Rad1 h5 18. b4 Ne6 19. Rxe6 fxe6 20. Qxg6 e5 21.
Ne4 Bf6 22. g4 Qc8 23. g5 Bg7 24. Bc3 h4 25. Rd3 h3 26. Bf1 Rh4 27. f4 Qg4+ 28.
Rg3 Qxf4 29. Nxd6 Rg4 30. Bxh3 Qc1+ 31. Kg2 Rf4 32. Nf5 Bh8 33. Nh6 Bg7 34. Qh7
Bxh6 35. gxh6 Nf6 36. Qh8+ Kf7 37. Rg7# 1-0

[Event "BL 9293 Dresden-Solingen"]
[Site "?"]
[Date "1992.??.??"]
[Round "?.2"]
[White "Uhlmann, W."]
[Black "Podzielny, KH."]
[Result "0-1"]
[WhiteElo "2480"]
[BlackElo "2435"]
[PlyCount "80"]
[EventDate "1992.??.??"]

1. c4 Nf6 2. Nc3 g6 3. e4 d6 4. d4 Bg7 5. Be2 O-O 6. Bg5 Na6 7. Qd2 Qe8 8. Nf3
e5 9. dxe5 dxe5 10. O-O Nc5 11. Bxf6 Bxf6 12. Nd5 Bd8 13. Qe3 Nd7 14. c5 a5 15.
Nd2 c6 16. Nc3 b5 17. cxb6 Bxb6 18. Qh6 Nf6 19. Nf3 Ng4 20. Qd2 Kg7 21. Na4 Ba7
22. Rac1 Nf6 23. Qc2 Nh5 24. g3 Nf6 25. Kg2 Qe6 26. Ng5 Qe7 27. h3 Rb8 28. Bc4
Bd4 29. b3 c5 30. Bd3 Qd7 31. Rh1 Bb7 32. Qe2 Rfd8 33. Rhd1 Qf5 34. h4 h6 35.
Nf3 Nxe4 36. Nxc5 Bxc5 37. Rxc5 Rxd3 38. Rxd3 Nxc5 39. Re3 Ne6 40. Kh2 Nd4 0-1

[Event "BL 9293 Dresden-Solingen"]
[Site "?"]
[Date "1992.??.??"]
[Round "?.3"]
[White "Zysk, R."]
[Black "Dobrovolsky, L."]
[Result "1-0"]
[WhiteElo "2440"]
[BlackElo "2390"]
[PlyCount "55"]
[EventDate "1992.??.??"]

1. d4 d5 2. Nf3 Nf6 3. c4 c6 4. Nc3 e6 5. cxd5 exd5 6. Bg5 Be7 7. Qc2 g6 8. e3
Bf5 9. Bd3 Bxd3 10. Qxd3 Nbd7 11. O-O O-O 12. Nd2 Re8 13. f4 Ng4 14. Bxe7 Rxe7
15. Rae1 Qb6 16. e4 dxe4 17. Ncxe4 Rae8 18. Nc4 Qa6 19. f5 Nh6 20. fxg6 hxg6
21. b3 f5 22. Qg3 Ng4 23. Ncd6 Qb6 24. Nxe8 Qxd4+ 25. Nf2 Nde5 26. Rd1 Qb6 27.
Nd6 Ne3 28. Nc8 1-0

[Event "BL 9293 Dresden-Solingen"]
[Site "?"]
[Date "1992.??.??"]
[Round "?.4"]
[White "Kaminski, U."]
[Black "Reeh, O."]
[Result "1/2-1/2"]
[WhiteElo "2400"]
[BlackElo "2455"]
[PlyCount "82"]
[EventDate "1992.??.??"]

1. e4 c5 2. Nf3 d6 3. d4 cxd4 4. Nxd4 Nf6 5. Nc3 Nc6 6. Be2 e5 7. Nf3 h6 8. O-O
Be7 9. Re1 O-O 10. h3 a6 11. Bf1 Be6 12. Nd5 Bxd5 13. exd5 Nb8 14. c4 Nbd7 15.
b3 a5 16. Bb2 Nh7 17. a3 Ng5 18. Nd2 f5 19. b4 b6 20. Rc1 Bf6 21. Nb3 a4 22.
Nd2 e4 23. Bxf6 Qxf6 24. Qc2 Ne5 25. Kh1 Ngf7 26. c5 bxc5 27. bxc5 dxc5 28.
Qxc5 Nd6 29. Qd4 Rfe8 30. Nc4 Ndxc4 31. Bxc4 Qd6 32. Red1 Ra5 33. Rb1 Rc5 34.
Bb5 Rb8 35. Qxa4 Kh7 36. Bf1 Rxb1 37. Rxb1 Rxd5 38. Qb4 Qd8 39. Kg1 Nd3 40. Qb6
Qxb6 41. Rxb6 Rc5 1/2-1/2

[Event "BL 9293 Dresden-Solingen"]
[Site "?"]
[Date "1992.??.??"]
[Round "?.5"]
[White "Schaefer, Ma"]
[Black "Borriss, M."]
[Result "1/2-1/2"]
[WhiteElo "2435"]
[BlackElo "2375"]
[PlyCount "76"]
[EventDate "1992.??.??"]

1. e4 c5 2. Nf3 d6 3. Nc3 e6 4. d4 cxd4 5. Nxd4 Nf6 6. Be2 Be7 7. O-O O-O 8. f4
Qb6 9. Be3 Qxb2 10. Ncb5 Qb4 11. c4 Qa5 12. Nb3 Qd8 13. e5 dxe5 14. Qxd8 Bxd8
15. fxe5 Nfd7 16. Nxa7 Bc7 17. Rad1 b6 18. Nb5 Bxe5 19. Rd2 f5 20. Rfd1 Kf7 21.
c5 bxc5 22. Nxc5 Nf6 23. Bf3 Ra5 24. a4 Na6 25. Nd3 Bb8 26. Nb2 Nc7 27. Nd6+
Ke7 28. Nbc4 Ba7 29. Bxa7 Rxa7 30. Ne5 Bd7 31. Nxd7 Nxd7 32. Nxf5+ Rxf5 33.
Rxd7+ Kf6 34. Bc6 Rc5 35. Rf1+ Ke5 36. Re1+ Kf6 37. Rf1+ Ke5 38. Re1+ Kf6
1/2-1/2

[Event "BL 9293 Dresden-Solingen"]
[Site "?"]
[Date "1992.??.??"]
[Round "?.6"]
[White "Heinatz, T."]
[Black "Thesing, M."]
[Result "1-0"]
[WhiteElo "2355"]
[BlackElo "2410"]
[PlyCount "69"]
[EventDate "1992.??.??"]

1. e4 c5 2. Nf3 e6 3. d4 cxd4 4. Nxd4 a6 5. Bd3 Nf6 6. O-O d6 7. c4 Bd7 8. Nc3
Nc6 9. Be3 Be7 10. Rc1 O-O 11. a3 Ne5 12. Be2 Rc8 13. b3 Ng6 14. b4 Ne5 15. Qb3
Qc7 16. f3 Nxc4 17. Bxc4 Qxc4 18. Nd5 exd5 19. Rxc4 Rxc4 20. exd5 b5 21. Nc6
Nxd5 22. Nxe7+ Nxe7 23. Qd3 Be6 24. Qxd6 Nf5 25. Qd2 Nxe3 26. Qxe3 Rfc8 27. Rd1
h6 28. Qe5 Rc2 29. h4 Ra2 30. h5 Rxa3 31. f4 Rac3 32. Kh2 R3c4 33. Rd3 Bg4 34.
Kg3 f5 35. Rd7 1-0

[Event "BL 9293 Dresden-Solingen"]
[Site "?"]
[Date "1992.??.??"]
[Round "?.7"]
[White "Beckemeyer, W."]
[Black "Andresen, S."]
[Result "1-0"]
[WhiteElo "2390"]
[BlackElo "2340"]
[PlyCount "97"]
[EventDate "1992.??.??"]

1. e4 c5 2. Nf3 Nc6 3. d4 cxd4 4. Nxd4 Nf6 5. Nc3 d6 6. Bg5 e6 7. Qd2 a6 8.
O-O-O h6 9. Be3 Bd7 10. f4 Qc7 11. h3 b5 12. Bd3 Be7 13. g4 Nxd4 14. Bxd4 b4
15. Ne2 e5 16. Be3 a5 17. Kb1 Qb7 18. Ng3 g6 19. Rhf1 Bc6 20. Bc4 Rh7 21. Bd5
Rc8 22. Rf2 Nd7 23. f5 g5 24. Nh5 Nf6 25. Nxf6+ Bxf6 26. h4 Bxd5 27. exd5 Rc4
28. Qe2 Rc8 29. Rh2 gxh4 30. Bf2 Bg5 31. Bxh4 Bf4 32. Rhh1 a4 33. Qd3 Rc3 34.
Qe4 Rg7 35. f6 Rg6 36. g5 Re3 37. Qc4 Rc3 38. Qf1 hxg5 39. Be1 Rxf6 40. Bxc3
bxc3 41. b3 axb3 42. axb3 Ke7 43. Qc4 Bd2 44. Rh8 Rf4 45. Qc6 Qb4 46. Qc8 Qb6
47. Rh7 Rf6 48. Rdh1 Qd8 49. Rxf7+ 1-0

[Event "BL 9293 Dresden-Solingen"]
[Site "?"]
[Date "1992.??.??"]
[Round "?.8"]
[White "Wegener, D."]
[Black "Schmidt, B."]
[Result "1-0"]
[WhiteElo "2310"]
[BlackElo "2340"]
[PlyCount "99"]
[EventDate "1992.??.??"]

1. e4 e6 2. d4 d5 3. Nc3 Bb4 4. e5 Ne7 5. a3 Bxc3+ 6. bxc3 c5 7. h4 Nbc6 8. h5
Qa5 9. Bd2 cxd4 10. cxd4 Qa4 11. Bc3 b6 12. h6 gxh6 13. Qd3 Nf5 14. Qb5 Qxb5
15. Bxb5 Bd7 16. Bxc6 Bxc6 17. g4 Ne7 18. Rxh6 Ba4 19. Kd2 Rg8 20. f3 Rg7 21.
Ne2 Ng8 22. Rh2 Rc8 23. Nf4 Rc6 24. Rah1 h6 25. Re2 Kd7 26. Rb1 a5 27. Rh2 Kc8
28. Nd3 Kd7 29. Rhh1 Rg5 30. Rb2 Ne7 31. Rxh6 Rg8 32. Nf4 Rgc8 33. Ne2 Ng6 34.
Rh7 Ke7 35. g5 Kf8 36. Rb1 Kg8 37. Rh3 Nf4 38. Nxf4 Rxc3 39. Nh5 Bxc2 40. Nf6+
Kg7 41. Rxb6 Bf5 42. Rh6 Rc2+ 43. Ke3 Bg6 44. Rb7 R2c3+ 45. Kf2 Rd3 46. Re7
Rxd4 47. Ne8+ Kf8 48. Rc7 Rxc7 49. Rh8+ Ke7 50. Nf6 1-0

[Event "BL 9293 Erfurt-Dortmund"]
[Site "?"]
[Date "1992.??.??"]
[Round "?.1"]
[White "Dolmatov, S."]
[Black "Kuczynski, R."]
[Result "1/2-1/2"]
[WhiteElo "2610"]
[BlackElo "2525"]
[PlyCount "99"]
[EventDate "1992.??.??"]

1. e4 c5 2. Nf3 d6 3. d4 cxd4 4. Nxd4 Nf6 5. Nc3 a6 6. Be2 Nbd7 7. Be3 g6 8. f4
Bg7 9. O-O O-O 10. a4 Qc7 11. Kh1 Nb6 12. Bg1 Nc4 13. Nd5 Nxd5 14. exd5 e5 15.
dxe6 fxe6 16. b3 Na5 17. Bg4 Re8 18. Qe2 Qf7 19. Rad1 d5 20. Rde1 Bd7 21. Qd2
Nc6 22. Nxc6 bxc6 23. Bd4 Bf8 24. h4 c5 25. Be5 Bg7 26. Qf2 Rac8 27. Qg3 c4 28.
Bxg7 Qxg7 29. Re5 cxb3 30. cxb3 Kh8 31. Qh3 Qf6 32. h5 gxh5 33. Rxh5 Re7 34.
Rh6 Qc3 35. Qxc3+ Rxc3 36. Rh3 Rxh3+ 37. Bxh3 Kg7 38. Kg1 Kf6 39. Rc1 Be8 40.
Rc8 Bf7 41. Ra8 Rb7 42. Rxa6 Rxb3 43. Kf2 Ra3 44. f5 d4 45. a5 Ke7 46. Ra7+ Kf6
47. fxe6 Bg6 48. e7 Ra2+ 49. Kf3 d3 50. Rd7 1/2-1/2

[Event "BL 9293 Erfurt-Dortmund"]
[Site "?"]
[Date "1992.??.??"]
[Round "?.2"]
[White "Casper, T."]
[Black "Schmittdiel, E."]
[Result "1/2-1/2"]
[WhiteElo "2425"]
[BlackElo "2480"]
[PlyCount "82"]
[EventDate "1992.??.??"]

1. e4 c5 2. Nf3 Nc6 3. d3 g6 4. g3 Bg7 5. Bg2 Nf6 6. O-O d5 7. Nbd2 O-O 8. c3
dxe4 9. dxe4 b6 10. Re1 Bb7 11. Qc2 Qc7 12. Nc4 Rad8 13. a4 Qc8 14. Ng5 h6 15.
Bh3 Ng4 16. Qe2 Ba6 17. Bxg4 Bxc4 18. Bxc8 Bxe2 19. Rxe2 Rd1+ 20. Kg2 hxg5 21.
Ba6 Rfd8 22. Bc4 Na5 23. Ba2 c4 24. Rb1 g4 25. Bg5 f6 26. Be3 Rxb1 27. Bxb1 Rd1
28. Bc2 Ra1 29. Rd2 Nb3 30. Rd7 Rxa4 31. Rxe7 Ra2 32. Bd1 f5 33. exf5 gxf5 34.
Bc2 Bf8 35. Rc7 Bc5 36. Bxf5 Bxe3 37. Be6+ Kh8 38. fxe3 Rxb2+ 39. Kg1 Rb1+ 40.
Kg2 Rb2+ 41. Kg1 Rb1+ 1/2-1/2